000 00905nam a22002657a 4500
003 BUBTL
008 130622b xxu||||| |||| 00| 0 eng d
020 _a81-7808-590-9
024 _cavailable
037 _cavailable
040 _ambstu library
_dmbstu library
082 _222
_a621.319/ B6979e/ 2015
100 _aBoylestad, Robert L.
_94304
245 _aElectronics Devices and Circuit Theory /
_cRobert L. Boylestad, Louis Nashelsky
250 _a11th Edn.
260 _aNew Delhi:
_bPearson,
_cc2014.
270 _aNew Delhi
_bNew Delhi
_dIndia
300 _a922 p.:
_bill.;
_c24 cm.
505 _aElectronics Devices and Circuit Theory, Electronics Devices, Circuit Theory, Robert L. Boylestad, Louis Nashelsky
650 0 _94295
_aElectrical and Electronic Engineering
710 _aNashelsky, Louis
_92877
856 _k0
_l0
_yDownload
942 _2ddc
_cBK
999 _c520
_d520